[Event "II Open Internacional Blitz Quart de Pob"]
[Site "Quart de Poblet, Spain"]
[Date "2019.08.10"]
[Round "1.8"]
[White "Galvan, Jesus"]
[Black "Gutierrez Gonzalez, Rafael"]
[Result "1-0"]
[WhiteElo "2200"]
[BlackElo "1485"]
[PlyCount "41"]
[EventDate "2019.??.??"]

1. d4 {[%clk 00:07:04]} 1... Nf6 {[%clk 00:07:02]  [%emt 00:00:13]} 2. c4 {
[%clk 00:07:06]} 2... g6 {[%clk 00:07:03]} 3. Nc3 {[%clk 00:07:08]} 3... Bg7 {
[%clk 00:07:04]} 4. e4 {[%clk 00:07:10]  [%emt 00:00:04]} 4... d6 {
[%clk 00:07:06]} 5. f4 {[%clk 00:07:12]} 5... c5 {
[%clk 00:07:06]  [%emt 00:00:04]} 6. d5 {[%clk 00:07:14]} 6... O-O {
[%clk 00:07:03]  [%emt 00:00:12]} 7. Nf3 {[%clk 00:07:16]} 7... Bg4 {
[%clk 00:07:00]  [%emt 00:00:04]} 8. Bd3 {[%clk 00:07:18]} 8... Re8 {
[%clk 00:06:44]  [%emt 00:00:15]} 9. O-O {[%clk 00:07:18]  [%emt 00:00:19]}
9... a6 {[%clk 00:06:35]  [%emt 00:00:04]} 10. h3 {[%clk 00:07:18]} 10... Bd7 {
[%clk 00:06:29]  [%emt 00:00:06]} 11. a4 {[%clk 00:07:19]  [%emt 00:00:04]}
11... Qb6 {[%clk 00:06:20]  [%emt 00:00:09]} 12. Kh2 {
[%clk 00:07:00]  [%emt 00:00:40]} 12... e6 {[%clk 00:06:11]} 13. e5 {
[%clk 00:06:45]  [%emt 00:00:11]} 13... dxe5 {[%clk 00:05:54]  [%emt 00:00:21]}
14. fxe5 {[%clk 00:06:47]  [%emt 00:00:04]} 14... Nh5 {
[%clk 00:05:27]  [%emt 00:00:25]} 15. g4 {[%clk 00:06:48]  [%emt 00:00:35]}
15... exd5 {[%clk 00:05:13]  [%emt 00:00:04]} 16. Nxd5 {
[%clk 00:06:19]  [%emt 00:00:11]} 16... Qd8 {[%clk 00:04:42]  [%emt 00:00:56]}
17. gxh5 {[%clk 00:06:13]} 17... Nc6 {[%clk 00:04:15]  [%emt 00:00:21]} 18.
hxg6 {[%clk 00:05:31]  [%emt 00:00:49]} 18... hxg6 {
[%clk 00:04:04]  [%emt 00:00:07]} 19. Bg5 {[%clk 00:05:32]  [%emt 00:00:31]}
19... Qc8 {[%clk 00:04:02]  [%emt 00:00:07]} 20. Nb6 {
[%clk 00:03:04]  [%emt 00:02:08]} 20... Qb8 {[%clk 00:03:27]  [%emt 00:00:30]}
21. Nxd7 {[%clk 00:03:04]  [%emt 00:00:27]} 1-0

[Event "II Open Internacional Blitz Quart de Pob"]
[Site "Quart de Poblet, Spain"]
[Date "2019.08.10"]
[Round "1.9"]
[White "Fernandez Calabuig, Manuel"]
[Black "Buenafe Moya, Javier"]
[Result "0-1"]
[WhiteElo "1473"]
[BlackElo "2117"]
[PlyCount "46"]
[EventDate "2019.??.??"]

1. e4 {[%clk 00:07:02]  [%emt 00:00:03]} 1... e5 {
[%clk 00:07:04]  [%emt 00:00:03]} 2. Nf3 {[%clk 00:07:00]  [%emt 00:00:05]}
2... Nc6 {[%clk 00:07:05]  [%emt 00:00:02]} 3. c3 {
[%clk 00:06:55]  [%emt 00:00:08]} 3... d5 {[%clk 00:04:53]  [%emt 00:02:15]} 4.
exd5 {[%clk 00:05:45]  [%emt 00:01:13]} 4... Qxd5 {
[%clk 00:04:53]  [%emt 00:00:03]} 5. Qb3 {[%clk 00:05:23]  [%emt 00:00:26]}
5... Qe4+ {[%clk 00:03:17]  [%emt 00:01:39]} 6. Be2 {
[%clk 00:05:12]  [%emt 00:00:14]} 6... Qg6 {[%clk 00:03:18]  [%emt 00:00:02]}
7. d3 {[%clk 00:04:40]  [%emt 00:00:35]} 7... Bc5 {
[%clk 00:03:17]  [%emt 00:00:04]} 8. Nbd2 {[%clk 00:04:13]  [%emt 00:00:30]}
8... Qxg2 {[%emt 00:00:28]} 9. Rf1 {[%clk 00:03:57]} 9... Nf6 {
[%clk 00:03:05]  [%emt 00:00:08]} 10. Ne4 {[%clk 00:03:19]  [%emt 00:00:41]}
10... Nxe4 {[%clk 00:03:06]  [%emt 00:00:03]} 11. dxe4 {
[%clk 00:03:20]  [%emt 00:00:02]} 11... O-O {[%clk 00:02:44]  [%emt 00:00:23]}
12. Qd5 {[%clk 00:03:12]  [%emt 00:00:12]} 12... Bb6 {
[%clk 00:01:57]  [%emt 00:00:51]} 13. Nxe5 {[%clk 00:02:59]  [%emt 00:00:16]}
13... Be6 {[%clk 00:01:49]  [%emt 00:00:11]} 14. Bf3 {
[%clk 00:01:30]  [%emt 00:01:33]} 14... Qxf1+ {[%clk 00:01:44]  [%emt 00:00:08]
} 15. Kxf1 {[%clk 00:01:30]  [%emt 00:00:03]} 15... Bxd5 {
[%clk 00:01:45]  [%emt 00:00:02]} 16. Nxc6 {[%clk 00:01:26]  [%emt 00:00:07]}
16... Bxc6 {[%clk 00:01:46]  [%emt 00:00:02]} 17. Ke2 {
[%clk 00:01:19]  [%emt 00:00:10]} 17... f5 {[%clk 00:01:43]  [%emt 00:00:07]}
18. e5 {[%clk 00:01:11]  [%emt 00:00:11]} 18... f4 {
[%clk 00:01:37]  [%emt 00:00:08]} 19. Bd2 {[%clk 00:01:04]  [%emt 00:00:10]}
19... Rae8 {[%clk 00:01:31]  [%emt 00:00:09]} 20. Bxc6 {
[%clk 00:01:00]  [%emt 00:00:07]} 20... bxc6 {[%emt 00:00:10]} 21. Rg1 {
[%clk 00:00:57]} 21... Rxe5+ {[%clk 00:01:27]  [%emt 00:00:05]} 22. Kf3 {
[%clk 00:00:59]} 22... Rf7 {[%clk 00:01:18]  [%emt 00:00:13]} 23. Bxf4 {
[%clk 00:01:00]  [%emt 00:00:03]} 23... Ref5 {[%clk 00:01:17]  [%emt 00:00:04]}
0-1

[Event "II Open Internacional Blitz Quart de Pob"]
[Site "Quart de Poblet, Spain"]
[Date "2019.08.10"]
[Round "2.1"]
[White "Plaskett, H James"]
[Black "Chernikov, Vladimir"]
[Result "1/2-1/2"]
[WhiteElo "2474"]
[BlackElo "2052"]
[PlyCount "110"]
[EventDate "2019.??.??"]

1. Nf3 {[%clk 00:07:06]} 1... Nf6 {[%clk 00:07:02]  [%emt 00:00:10]} 2. c4 {
[%clk 00:07:07]} 2... c5 {[%clk 00:07:02]  [%emt 00:00:05]} 3. Nc3 {
[%clk 00:07:09]} 3... Nc6 {[%clk 00:07:00]  [%emt 00:00:04]} 4. e3 {
[%clk 00:07:11]} 4... e6 {[%clk 00:07:02]  [%emt 00:00:04]} 5. d4 {
[%clk 00:07:13]} 5... d5 {[%clk 00:07:04]} 6. a3 a6 7. dxc5 {
[%clk 00:07:15]  [%emt 00:00:04]} 7... Bxc5 {[%clk 00:07:09]} 8. b4 {
[%clk 00:07:16]} 8... Ba7 {[%clk 00:07:10]  [%emt 00:00:05]} 9. cxd5 {
[%clk 00:07:14]  [%emt 00:00:04]} 9... exd5 {[%clk 00:06:59]  [%emt 00:00:11]}
10. Bd3 {[%clk 00:07:15]} 10... d4 {[%clk 00:06:31]  [%emt 00:00:39]} 11. exd4
{[%clk 00:07:13]  [%emt 00:00:05]} 11... Nxd4 {[%clk 00:06:26]  [%emt 00:00:04]
} 12. Nxd4 {[%clk 00:06:54]  [%emt 00:00:19]} 12... Qxd4 {
[%clk 00:05:34]  [%emt 00:00:56]} 13. Qc2 {[%clk 00:06:46]  [%emt 00:00:12]}
13... Ng4 {[%clk 00:03:40]  [%emt 00:01:56]} 14. O-O {
[%clk 00:06:38]  [%emt 00:00:12]} 14... O-O {[%clk 00:03:21]  [%emt 00:00:22]}
15. h3 {[%clk 00:04:14]  [%emt 00:02:31]} 15... Ne5 {[%clk 00:03:23]} 16. Bxh7+
{[%clk 00:03:58]  [%emt 00:00:16]} 16... Kh8 {[%clk 00:03:25]} 17. Be4 {
[%clk 00:03:42]  [%emt 00:00:23]} 17... f5 {[%clk 00:03:09]  [%emt 00:00:15]}
18. Be3 {[%clk 00:03:37]  [%emt 00:00:08]} 18... Qd8 {
[%clk 00:02:43]  [%emt 00:00:29]} 19. Bxa7 {[%clk 00:03:29]  [%emt 00:00:15]}
19... Rxa7 {[%clk 00:02:17]  [%emt 00:00:26]} 20. Bd5 {
[%clk 00:03:24]  [%emt 00:00:16]} 20... Qh4 {[%clk 00:01:58]  [%emt 00:00:13]}
21. f4 {[%clk 00:03:21]  [%emt 00:00:06]} 21... Ng6 {
[%clk 00:01:50]  [%emt 00:00:12]} 22. Qd2 {[%clk 00:03:16]  [%emt 00:00:08]}
22... Rd8 {[%clk 00:01:41]  [%emt 00:00:12]} 23. Rae1 {
[%clk 00:03:14]  [%emt 00:00:05]} 23... b6 {[%clk 00:01:36]  [%emt 00:00:08]}
24. Qf2 {[%clk 00:03:09]  [%emt 00:00:07]} 24... Qxf2+ {
[%clk 00:01:34]  [%emt 00:00:05]} 25. Rxf2 {[%clk 00:03:11]} 25... Rc7 {
[%clk 00:01:35]  [%emt 00:00:05]} 26. Re3 {[%clk 00:03:12]} 26... Re7 {
[%clk 00:00:57]  [%emt 00:00:42]} 27. Rd3 {[%clk 00:03:01]  [%emt 00:00:14]}
27... Bb7 {[%clk 00:00:37]  [%emt 00:00:23]} 28. Rfd2 {
[%clk 00:02:57]  [%emt 00:00:14]} 28... Nxf4 {[%clk 00:00:37]} 29. Rd4 {
[%clk 00:02:26]  [%emt 00:00:32]} 29... Nxd5 {[%clk 00:00:36]  [%emt 00:00:05]}
30. Nxd5 {[%clk 00:02:28]} 30... Red7 {[%clk 00:00:36]} 31. Rh4+ {
[%clk 00:02:30]} 31... Kg8 {[%clk 00:00:38]  [%emt 00:00:06]} 32. Ne7+ {
[%clk 00:02:33]} 32... Kf7 {[%clk 00:00:38]  [%emt 00:00:05]} 33. Rxd7 {
[%clk 00:02:35]} 33... Rxd7 {[%clk 00:00:40]} 34. Nxf5 {[%clk 00:02:36]} 34...
Rd1+ {[%clk 00:00:41]} 35. Kf2 {[%clk 00:02:35]  [%emt 00:00:05]} 35... Kf6 {
[%clk 00:00:37]  [%emt 00:00:06]} 36. Ne3 {[%clk 00:02:36]} 36... Rd2+ {
[%clk 00:00:39]  [%emt 00:00:06]} 37. Ke1 {[%clk 00:02:25]  [%emt 00:00:12]}
37... Rd3 {[%clk 00:00:41]} 38. Rf4+ {[%clk 00:01:18]  [%emt 00:01:14]} 38...
Kg5 {[%clk 00:00:30]  [%emt 00:00:10]} 39. Rf7 {
[%clk 00:01:02]  [%emt 00:00:19]} 39... Rxe3+ {[%clk 00:00:30]  [%emt 00:00:06]
} 40. Kf2 {[%clk 00:01:04]} 40... Bd5 {[%clk 00:00:27]  [%emt 00:00:05]} 41.
Rxg7+ {[%clk 00:00:55]  [%emt 00:00:14]} 41... Kf6 {[%clk 00:00:29]} 42. Rd7 {
[%clk 00:00:44]  [%emt 00:00:13]} 42... Re5 {[%clk 00:00:31]} 43. Rd6+ {
[%clk 00:00:46]} 43... Kf5 {[%clk 00:00:26]  [%emt 00:00:09]} 44. Rxb6 {
[%clk 00:00:45]  [%emt 00:00:07]} 44... Bc4 {[%clk 00:00:28]} 45. g4+ {
[%clk 00:00:45]  [%emt 00:00:04]} 45... Kf4 {[%clk 00:00:29]} 46. Rf6+ {
[%clk 00:00:45]  [%emt 00:00:06]} 46... Kg5 {[%clk 00:00:28]  [%emt 00:00:04]}
47. Rf5+ {[%clk 00:00:29]  [%emt 00:00:15]} 47... Rxf5+ {[%clk 00:00:30]} 48.
gxf5 {[%clk 00:00:31]  [%emt 00:00:05]} 48... Kxf5 {[%clk 00:00:32]} 49. Ke3 {
[%clk 00:00:34]} 49... Bf1 {[%clk 00:00:31]  [%emt 00:00:17]} 50. h4 {
[%clk 00:00:35]} 50... Kg4 {[%clk 00:00:33]} 51. a4 {[%clk 00:00:38]} 51...
Kxh4 {[%clk 00:00:35]} 52. Kd4 {[%clk 00:00:30]  [%emt 00:00:09]} 52... Be2 {
[%clk 00:00:34]} 53. Kc5 {[%clk 00:00:32]} 53... Bd1 {
[%clk 00:00:35]  [%emt 00:00:04]} 54. Kb6 {[%clk 00:00:33]} 54... Bxa4 {
[%clk 00:00:36]} 55. Kxa6 {[%clk 00:00:35]  [%emt 00:00:04]} 55... Bd7 {
[%clk 00:00:38]} 1/2-1/2

[Event "II Open Internacional Blitz Quart de Pob"]
[Site "Quart de Poblet, Spain"]
[Date "2019.08.10"]
[Round "2.2"]
[White "Davtyan, David Arm"]
[Black "Kovacevic, Slobodan"]
[Result "0-1"]
[WhiteElo "2030"]
[BlackElo "2395"]
[PlyCount "92"]
[EventDate "2019.??.??"]

1. e4 {[%clk 00:07:03]  [%emt 00:00:09]} 1... c5 {[%clk 00:07:06]} 2. Nc3 {
[%clk 00:07:05]  [%emt 00:00:31]} 2... e6 {[%clk 00:07:08]} 3. f4 {
[%clk 00:07:06]} 3... a6 {[%clk 00:07:08]} 4. Nf3 {[%clk 00:07:07]} 4... Qc7 {
[%clk 00:07:11]} 5. d3 {[%clk 00:07:01]} 5... d6 {[%clk 00:07:12]} 6. g3 {
[%clk 00:06:54]  [%emt 00:00:14]} 6... Nc6 {[%clk 00:07:14]} 7. Bg2 {
[%clk 00:06:56]} 7... Nf6 {[%clk 00:07:15]} 8. O-O {[%clk 00:06:55]} 8... Be7 {
[%clk 00:07:17]} 9. h3 {[%clk 00:06:52]} 9... h6 {
[%clk 00:07:19]  [%emt 00:00:03]} 10. Be3 {[%clk 00:06:53]} 10... O-O {
[%clk 00:07:21]} 11. Qe1 {[%clk 00:06:53]  [%emt 00:00:03]} 11... b5 {
[%clk 00:07:20]  [%emt 00:00:03]} 12. g4 {[%clk 00:06:33]  [%emt 00:00:18]}
12... Nh7 {[%clk 00:07:23]  [%emt 00:00:41]} 13. Ne2 {[%clk 00:06:09]} 13... d5
{[%clk 00:07:21]} 14. exd5 {[%clk 00:05:58]  [%emt 00:00:06]} 14... exd5 {
[%clk 00:07:22]  [%emt 00:00:08]} 15. d4 {[%clk 00:05:44]  [%emt 00:00:12]}
15... Re8 {[%clk 00:05:29]  [%emt 00:02:14]} 16. dxc5 {
[%clk 00:05:25]  [%emt 00:00:05]} 16... Bf6 {[%clk 00:05:20]  [%emt 00:00:29]}
17. Qf2 {[%clk 00:05:16]  [%emt 00:00:07]} 17... Bxb2 {[%clk 00:05:16]} 18.
Rad1 {[%clk 00:05:16]  [%emt 00:00:04]} 18... Nf6 {
[%clk 00:04:45]  [%emt 00:00:26]} 19. Nfd4 {[%clk 00:03:31]  [%emt 00:02:20]}
19... Bxg4 {[%clk 00:04:13]  [%emt 00:00:16]} 20. Rb1 {
[%clk 00:02:32]  [%emt 00:00:52]} 20... Bxe2 {[%clk 00:03:04]  [%emt 00:01:10]}
21. Nxe2 {[%clk 00:02:24]  [%emt 00:00:10]} 21... Ba3 {
[%clk 00:02:54]  [%emt 00:00:35]} 22. Rb3 {[%clk 00:02:23]} 22... Bb4 {
[%clk 00:02:47]  [%emt 00:00:10]} 23. f5 {[%clk 00:02:09]} 23... Qe7 {
[%clk 00:02:25]  [%emt 00:00:31]} 24. Qg3 {[%clk 00:01:38]  [%emt 00:00:44]}
24... Bxc5 {[%clk 00:02:16]  [%emt 00:00:08]} 25. Rf3 {
[%clk 00:01:23]  [%emt 00:00:04]} 25... Ne5 {[%clk 00:02:14]  [%emt 00:00:16]}
26. Rf2 {[%clk 00:01:02]  [%emt 00:00:24]} 26... Nc4 {[%clk 00:02:12]} 27. Bxh6
{[%clk 00:00:57]  [%emt 00:00:07]} 27... Bxf2+ {
[%clk 00:02:09]  [%emt 00:00:21]} 28. Kxf2 {[%clk 00:00:59]} 28... Qxe2+ {
[%clk 00:02:08]} 29. Kg1 {[%clk 00:00:57]} 29... Qe1+ {
[%clk 00:02:04]  [%emt 00:00:03]} 30. Kh2 {[%clk 00:00:55]  [%emt 00:00:04]}
30... Qxg3+ {[%clk 00:01:55]  [%emt 00:00:08]} 31. Rxg3 {
[%clk 00:00:57]  [%emt 00:00:13]} 31... Nh5 {[%clk 00:01:55]} 32. Rg5 {
[%clk 00:00:59]} 32... Rad8 {[%clk 00:01:48]  [%emt 00:00:06]} 33. Bf3 {
[%clk 00:00:47]  [%emt 00:00:14]} 33... Kh7 {[%clk 00:01:34]  [%emt 00:00:14]}
34. f6 {[%clk 00:00:36]  [%emt 00:00:14]} 34... gxh6 {[%emt 00:00:22]} 35. Rxh5
{[%clk 00:00:33]  [%emt 00:00:18]} 35... Ne5 {[%clk 00:01:26]} 36. Bd1 {
[%clk 00:00:30]} 36... Rd6 {[%clk 00:01:25]} 37. Rf5 {[%clk 00:00:31]} 37...
Nd7 {[%clk 00:01:24]  [%emt 00:00:04]} 38. Bh5 {
[%clk 00:00:28]  [%emt 00:00:04]} 38... Rxf6 {[%clk 00:01:20]  [%emt 00:00:04]}
39. Rxd5 {[%clk 00:00:30]  [%emt 00:00:03]} 39... Re7 {[%clk 00:01:20]} 40. Bg4
{[%clk 00:00:29]  [%emt 00:00:12]} 40... Ne5 {[%clk 00:01:17]} 41. a4 {
[%clk 00:00:26]  [%emt 00:00:05]} 41... bxa4 {[%clk 00:01:15]  [%emt 00:00:08]}
42. Ra5 {[%clk 00:00:28]} 42... Nxg4+ {[%clk 00:01:13]  [%emt 00:00:03]} 43.
hxg4 {[%clk 00:00:30]} 43... Re4 {[%clk 00:01:14]  [%emt 00:00:08]} 44. Kh3 {
[%clk 00:00:30]  [%emt 00:00:16]} 44... Kg7 {[%clk 00:01:16]} 45. Kh4 {
[%clk 00:00:30]} 45... Rg6 {[%clk 00:01:17]} 46. Kh5 {
[%clk 00:00:31]  [%emt 00:01:31]} 46... Rg5+ {[%clk 00:01:17]} 0-1

[Event "II Open Internacional Blitz Quart de Pob"]
[Site "Quart de Poblet, Spain"]
[Date "2019.08.10"]
[Round "2.3"]
[White "Granero Roca, Antonio"]
[Black "Cortes Marti, Javier"]
[Result "1-0"]
[WhiteElo "2393"]
[BlackElo "2011"]
[PlyCount "73"]
[EventDate "2019.??.??"]

1. d4 {[%clk 00:07:03]  [%emt 00:08:35]} 1... d5 {
[%clk 00:07:01]  [%emt 00:00:28]} 2. c4 {[%clk 00:07:05]} 2... e6 {
[%clk 00:07:02]} 3. Nf3 {[%clk 00:07:06]  [%emt 00:00:15]} 3... Nf6 {
[%clk 00:07:04]} 4. g3 {[%clk 00:07:07]  [%emt 00:00:04]} 4... c5 {
[%clk 00:07:03]} 5. Bg2 {[%clk 00:07:06]} 5... Nc6 {[%clk 00:07:05]} 6. cxd5 {
[%clk 00:07:07]} 6... exd5 {[%clk 00:07:07]  [%emt 00:00:04]} 7. O-O {
[%clk 00:07:08]} 7... Be7 {[%clk 00:07:06]  [%emt 00:00:03]} 8. Nc3 {
[%clk 00:07:09]} 8... Be6 {[%clk 00:07:08]} 9. Bg5 {
[%clk 00:07:04]  [%emt 00:00:09]} 9... O-O {[%clk 00:07:06]  [%emt 00:00:13]}
10. dxc5 {[%clk 00:07:03]} 10... Bxc5 {[%clk 00:07:04]  [%emt 00:00:04]} 11.
Rc1 {[%clk 00:07:02]  [%emt 00:00:15]} 11... Be7 {
[%clk 00:06:57]  [%emt 00:00:03]} 12. Nd4 {[%clk 00:06:55]  [%emt 00:00:04]}
12... Nxd4 {[%clk 00:06:49]  [%emt 00:00:07]} 13. Qxd4 {
[%clk 00:06:56]  [%emt 00:00:36]} 13... Qa5 {[%clk 00:06:45]} 14. a3 {
[%clk 00:06:51]} 14... Rfd8 {[%clk 00:06:33]  [%emt 00:00:08]} 15. Rfd1 {
[%clk 00:06:35]  [%emt 00:00:07]} 15... h6 {[%clk 00:06:14]  [%emt 00:00:22]}
16. Bf4 {[%clk 00:06:30]  [%emt 00:00:15]} 16... Rac8 {
[%clk 00:05:36]  [%emt 00:00:37]} 17. Qa4 {[%clk 00:06:26]  [%emt 00:00:08]}
17... Qb6 {[%clk 00:04:11]  [%emt 00:01:44]} 18. Qb5 {[%clk 00:06:25]} 18...
Bc5 {[%clk 00:03:49]  [%emt 00:00:15]} 19. Qxb6 {[%clk 00:06:26]} 19... Bxb6 {
[%clk 00:03:51]} 20. Na4 {[%clk 00:06:19]  [%emt 00:00:16]} 20... Rc6 {
[%clk 00:03:22]  [%emt 00:00:23]} 21. Rxc6 {[%clk 00:06:14]  [%emt 00:00:08]}
21... bxc6 {[%clk 00:03:24]} 22. Nxb6 {[%clk 00:06:15]  [%emt 00:00:11]} 22...
axb6 {[%clk 00:03:26]} 23. Bc7 {[%clk 00:06:16]} 23... Rc8 {
[%clk 00:03:21]  [%emt 00:00:09]} 24. Bxb6 {[%clk 00:06:17]} 24... c5 {
[%clk 00:03:17]  [%emt 00:00:12]} 25. b4 {[%clk 00:06:08]  [%emt 00:00:05]}
25... c4 {[%clk 00:03:09]  [%emt 00:00:08]} 26. Bd4 {
[%clk 00:06:10]  [%emt 00:00:10]} 26... c3 {[%clk 00:03:07]  [%emt 00:00:03]}
27. Rc1 {[%clk 00:06:03]  [%emt 00:00:06]} 27... c2 {
[%clk 00:03:08]  [%emt 00:00:03]} 28. b5 {[%clk 00:05:58]  [%emt 00:00:13]}
28... Rc4 {[%clk 00:03:05]} 29. e3 {[%clk 00:05:52]  [%emt 00:00:17]} 29... Bf5
{[%clk 00:02:49]  [%emt 00:00:10]} 30. b6 {[%clk 00:05:45]  [%emt 00:00:12]}
30... Rc8 {[%clk 00:02:23]  [%emt 00:00:24]} 31. Bxf6 {
[%clk 00:05:38]  [%emt 00:00:12]} 31... gxf6 {[%clk 00:02:25]  [%emt 00:00:07]}
32. Bxd5 {[%clk 00:05:40]} 32... Rd8 {[%clk 00:02:26]} 33. b7 {
[%clk 00:05:39]  [%emt 00:00:08]} 33... Be4 {[%clk 00:02:04]  [%emt 00:00:17]}
34. Bxe4 {[%clk 00:05:32]  [%emt 00:00:27]} 34... Rd1+ {[%clk 00:02:06]} 35.
Kg2 {[%clk 00:05:34]} 35... Rxc1 {[%clk 00:02:08]} 36. b8=Q+ {[%clk 00:05:34]}
36... Kg7 {[%clk 00:02:10]} 37. Qb2 {[%clk 00:05:26]  [%emt 00:00:03]} 1-0

[Event "II Open Internacional Blitz Quart de Pob"]
[Site "Quart de Poblet, Spain"]
[Date "2019.08.10"]
[Round "2.4"]
[White "Hassomal Daswani, Birjkumar"]
[Black "Diaz Velandia, Jose Manuel"]
[Result "0-1"]
[WhiteElo "1971"]
[BlackElo "2377"]
[PlyCount "52"]
[EventDate "2019.??.??"]

1. e4 {[%clk 00:07:03]  [%emt 00:16:07]} 1... c5 {
[%clk 00:07:03]  [%emt 00:00:04]} 2. Nc3 {[%clk 00:07:03]  [%emt 00:00:18]}
2... b6 {[%clk 00:07:03]  [%emt 00:00:03]} 3. f4 {[%clk 00:07:03]} 3... Bb7 {
[%clk 00:07:03]} 4. Nf3 {[%clk 00:07:03]} 4... Nf6 {
[%clk 00:07:03]  [%emt 00:00:14]} 5. d3 {[%clk 00:07:04]  [%emt 00:00:12]} 5...
g6 {[%clk 00:06:52]  [%emt 00:00:15]} 6. Be2 {[%clk 00:07:06]  [%emt 00:00:07]}
6... Bg7 {[%clk 00:06:53]  [%emt 00:00:03]} 7. O-O {[%clk 00:07:04]} 7... O-O {
[%clk 00:06:53]  [%emt 00:00:03]} 8. Kh1 {[%clk 00:07:05]  [%emt 00:00:18]}
8... d6 {[%clk 00:06:38]  [%emt 00:00:03]} 9. Bd2 {
[%clk 00:06:36]  [%emt 00:00:30]} 9... Nc6 {[%clk 00:06:38]  [%emt 00:00:19]}
10. Qe1 {[%clk 00:06:10]  [%emt 00:00:13]} 10... Nd4 {
[%clk 00:06:15]  [%emt 00:00:33]} 11. Nxd4 {[%clk 00:05:58]  [%emt 00:00:07]}
11... cxd4 {[%clk 00:06:17]  [%emt 00:00:14]} 12. Nd1 {[%clk 00:05:59]} 12...
Nd7 {[%clk 00:05:17]  [%emt 00:00:52]} 13. c4 {[%clk 00:05:51]  [%emt 00:00:14]
} 13... f5 {[%clk 00:04:45]  [%emt 00:00:31]} 14. exf5 {
[%clk 00:05:16]  [%emt 00:00:39]} 14... gxf5 {[%clk 00:04:47]  [%emt 00:00:39]}
15. Bf3 {[%clk 00:05:07]} 15... Bxf3 {[%clk 00:04:46]  [%emt 00:00:03]} 16.
Rxf3 {[%clk 00:04:41]  [%emt 00:00:04]} 16... e5 {
[%clk 00:04:47]  [%emt 00:00:36]} 17. Rh3 {[%clk 00:04:13]  [%emt 00:00:03]}
17... Qf6 {[%clk 00:04:26]  [%emt 00:00:22]} 18. Nf2 {
[%clk 00:03:56]  [%emt 00:00:16]} 18... Rae8 {[%clk 00:04:23]  [%emt 00:00:09]}
19. Qd1 {[%clk 00:03:58]} 19... e4 {[%clk 00:04:07]  [%emt 00:00:32]} 20. Bb4 {
[%clk 00:03:43]  [%emt 00:00:05]} 20... e3 {[%clk 00:04:00]  [%emt 00:00:16]}
21. Qh5 {[%clk 00:03:38]  [%emt 00:00:04]} 21... Qg6 {
[%clk 00:03:28]  [%emt 00:00:33]} 22. Qxg6 {[%clk 00:03:15]  [%emt 00:00:24]}
22... hxg6 {[%clk 00:03:29]  [%emt 00:00:03]} 23. Nd1 {
[%clk 00:03:17]  [%emt 00:00:03]} 23... Nc5 {[%clk 00:03:28]  [%emt 00:00:03]}
24. Kg1 {[%clk 00:02:32]  [%emt 00:00:46]} 24... Nxd3 {
[%clk 00:03:22]  [%emt 00:00:11]} 25. Bxd6 {[%clk 00:02:31]  [%emt 00:00:05]}
25... e2 {[%clk 00:03:20]  [%emt 00:00:05]} 26. Ne3 {
[%clk 00:02:06]  [%emt 00:00:25]} 26... Rxe3 {[%clk 00:03:07]  [%emt 00:00:17]}
0-1